Guess the Ariana Grande album by song - Statistics

General Stats
  • This quiz has been taken 42 times
  • The average score is 11 of 15
Answer Stats
song album % Correct
my hair Positions
94%
bad idea thank u, next
91%
Piano Yours Truly
91%
supernatural eternal sunshine
84%
Be My Baby My Everything
84%
everytime Sweetener
81%
better off Sweetener
78%
You'll Never Know Yours Truly
78%
Daydreamin' Yours Truly
78%
Touch It Dangerous Woman
75%
warm eternal sunshine deluxe: brighter days ahead
69%
past life eternal sunshine deluxe: brighter days ahead
69%
Hands On Me My Everything
66%
break up with your girlfriend, I'm bored thank u, next
63%
Cadillac Song My Everything (Tenth Anniversary Edition)
13%
No matching quizzes found
Score Distribution
Percent of People with Each Score
Percentile by Number Answered
Your Score History
You have not taken this quiz